The hanged man's song [sound recording] / John Sandford.
Record details
- ISBN: 1402563639
- Physical Description: 8 compact discs (9 hr.) : digital ; 4 3/4 in.
- Edition: Unabridged.
- Publisher: Prince Frederick, MD : Recorded Books, c2003
Content descriptions
| Participant or Performer Note: | Read by Richard Ferrone. |
Search for related items by subject
| Subject: | Kidd (Fictitious character : Camp). Minneapolis (Minn.) > Fiction. Computer hackers > Fiction. Painters > Fiction. Audiobooks. |
| Genre: | Mystery fiction. |
Search for related items by series
Available copies
- 1 of 1 copy available at scottsboropl.
Holds
- 0 current holds with 1 total copy.
Other Formats and Editions
Show All Copies
| Location | Call Number / Copy Notes | Barcode | Shelving Location | Status | Due Date |
|---|---|---|---|---|---|
| scottsboropl | BK/CD San | 32269000677131 | Adult - Audiobook | Available | - |
| LDR | 01172cim a2200337 a 4500 | ||
|---|---|---|---|
| 001 | 127053 | ||
| 003 | CONS | ||
| 005 | 20140703073303.0 | ||
| 007 | sd fsngnnumnnd | ||
| 008 | 030430s2003 mdunnn f n eng u | ||
| 020 | . | ‡a1402563639 | |
| 028 | 0 | 2. | ‡aC2186 ‡bRecorded Books |
| 035 | . | ‡a(CPomAG)LMN495046 | |
| 082 | 0 | 0. | ‡a813/.54 ‡221 |
| 100 | 1 | . | ‡aSandford, John, ‡d1944 February 23- |
| 245 | 1 | 4. | ‡aThe hanged man's song ‡h[sound recording] / ‡cJohn Sandford. |
| 250 | . | ‡aUnabridged. | |
| 260 | . | ‡aPrince Frederick, MD : ‡bRecorded Books, ‡cc2003 | |
| 300 | . | ‡a8 compact discs (9 hr.) : ‡bdigital ; ‡c4 3/4 in. | |
| 511 | 0 | . | ‡aRead by Richard Ferrone. |
| 650 | 0. | ‡aKidd (Fictitious character : Camp). | |
| 651 | 0. | ‡aMinneapolis (Minn.) ‡vFiction. | |
| 650 | 0. | ‡aComputer hackers ‡vFiction. | |
| 650 | 0. | ‡aPainters ‡vFiction. | |
| 655 | 7. | ‡aMystery fiction. ‡2gsafd | |
| 650 | 0. | ‡aAudiobooks. | |
| 700 | 1 | . | ‡aFerrone, Richard. |
| 800 | 1 | . | ‡aSandford, John, ‡d1944 February 23- ‡tKidd novel ; ‡v4. |
| 914 | . | ‡dLMN_cm | |
| 959 | . | ‡i32269000677131 ‡lBK/CD San ‡aAdult - Audiobook ‡tAudiobook ‡g82.00 | |
| 852 | . | ‡p32269000677131 ‡jBK/CD San ‡gAdult - Audiobook ‡cAudiobook ‡y82.00 ‡bSBPL | |
| 901 | . | ‡a127053 ‡bUnknown ‡c127053 ‡tbiblio | |